000 00718njmaa2200229 a 4500
001 37960
003 (BD-RjUL)
005 20211209052709.0
008 150818b ii ||kdgs|||| 00| 0 eng d
035 _a(BD-RjUL)38065
040 _aBD-RjUL
_beng
082 _222
_a782.6
_bSUN 2010
100 _aSultana, Begum Parveen.
_9117591
245 _aNavras/
_cBegum Parveen Sultana
_h[sound recording]
260 _aMumbai:
_bAnant Electronics Pvt. Ltd.,
_cc & p2010.
300 _a1 sound disc :
_bdigital, analog ;
_c4 3/4 in.
_esongs
500 _aCompact disc.
600 _aBegum Parveen Sultana
_zIndia
_9117595
650 _aIndian song
_zIndia.
_9117592
650 _aVocal Music
_zIndia
_9118006
942 _2ddc
_cAVM
999 _c37960
_d37960